Mafteḥot ha-Shas ʻal masekhet Bava batra : (Record no. 34171)

MARC details
000 -LEADER
fixed length control field 00652cam a22002171 4500
001 - CONTROL NUMBER
control field he 77951933
003 - CONTROL NUMBER IDENTIFIER
control field DLC
005 - DATE AND TIME OF LATEST TRANSACTION
control field 20260227111509.0
008 - FIXED-LENGTH DATA ELEMENTS--GENERAL INFORMATION
fixed length control field 840125s1970 is 000 0 heb
010 ## - LIBRARY OF CONGRESS CONTROL NUMBER
LC control number he 77951933
035 ## - SYSTEM CONTROL NUMBER
System control number (OCoLC)19142371
040 ## - CATALOGING SOURCE
Original cataloging agency DLC
Transcribing agency MH
Modifying agency DLC
042 ## - AUTHENTICATION CODE
Authentication code premarc
050 00 - LIBRARY OF CONGRESS CALL NUMBER
Classification number BM506.B43
Item number I4
100 1# - MAIN ENTRY--PERSONAL NAME
Personal name Ilani, Tsevi.
245 10 - TITLE STATEMENT
Title Mafteḥot ha-Shas ʻal masekhet Bava batra :
Remainder of title mafteaḥ...shel ke-meʼah sefarim... /
Statement of responsibility, etc. nisdar ʻal yede Tsevi Ilani...
260 ## - PUBLICATION, DISTRIBUTION, ETC.
Place of publication, distribution, etc. [Ramat Gan?] :
Name of publisher, distributor, etc. [Ilani?],
Date of publication, distribution, etc. [197-]
300 ## - PHYSICAL DESCRIPTION
Extent [56] p. ;
Dimensions 35 cm.
630 00 - SUBJECT ADDED ENTRY--UNIFORM TITLE
Uniform title Talmud.
Name of part/section of a work Bava batra
General subdivision Indexes.
752 ## - ADDED ENTRY--HIERARCHICAL PLACE NAME
Country or larger entity Israel
City Ramat Gan

No items available.

Powered by Koha